000 00341nam a2200133Ia 4500
005 20260328104343.0
008 260328s9999||||xx |||||||||||||| ||und||
100 _aYoung, Anastasia
245 4 _aThe Workbench Guide to Jewelry Techniques /
_cAnastasia Young
260 _bInterweave
300 _a289 p.
650 _aJOYERIA
942 _cBK
999 _c12191
_d12191